UM Logo

An analysis of civic readiness of college students for the national election 2022 in barangay poblacion, Santa Maria, Davao Occidental. (Record no. 22238)

MARC details
000 -LEADER
fixed length control field 00803nam a22001937a 4500
003 - CONTROL NUMBER IDENTIFIER
control field OSt
005 - DATE AND TIME OF LATEST TRANSACTION
control field 20250211161450.0
008 - FIXED-LENGTH DATA ELEMENTS--GENERAL INFORMATION
fixed length control field 241004b |||||||| |||| 00| 0 eng d
040 ## - CATALOGING SOURCE
Transcribing agency 0
100 ## - MAIN ENTRY--PERSONAL NAME
Personal name Cawayan, Riveal S.
Relator term author.
9 (RLIN) 62303
245 ## - TITLE STATEMENT
Title An analysis of civic readiness of college students for the national election 2022 in barangay poblacion, Santa Maria, Davao Occidental.
Statement of responsibility, etc. Riveal S. Cawayan, Edlindon M. Solo, and Viola P. Buenaventura.
260 ## - PUBLICATION, DISTRIBUTION, ETC. (IMPRINT)
Place of publication, distribution, etc. Philippines ;
Name of publisher, distributor, etc. University of Mindanao,
Date of publication, distribution, etc. 2022.
300 ## - PHYSICAL DESCRIPTION
Extent volume 14, pages 136-155,
Other physical details illustration.
500 ## - GENERAL NOTE
General note Research Journal, v. 13, iss. 1, pages 136-155, 2022.
700 ## - ADDED ENTRY--PERSONAL NAME
Personal name Cawayan, Riveal S.
9 (RLIN) 57401
Relator term author.
700 ## - ADDED ENTRY--PERSONAL NAME
Personal name Solo, Edlindon M.
9 (RLIN) 57402
700 ## - ADDED ENTRY--PERSONAL NAME
Personal name Buenaventura, Viola P.
Relator term author.
9 (RLIN) 64612
942 ## - ADDED ENTRY ELEMENTS (KOHA)
Source of classification or shelving scheme Dewey Decimal Classification
Koha item type Periodicals
Holdings
Withdrawn status Lost status Source of classification or shelving scheme Damaged status Not for loan Collection code Home library Current library Date acquired Total Checkouts Date last seen Price effective from Koha item type Public note
    Dewey Decimal Classification     Periodicals UM Digos College - LIC UM Digos College - LIC 10/04/2024   10/04/2024 10/04/2024 Periodicals Periodical Article